000 00911nas a2200313 4500
001 BR0700030
003 BR-BrBNA
005 20231205110442.0
007 ta
008 230509b bl.|||p| |||| 00| 00por d
040 _aBR-BrBNA
_bpor
_cBiblioteca Nacional de Agricultura
041 _a(Pt)
072 _aH20
100 1 _aReis, A.
100 1 _aRibeiro, F.H.S.
100 1 _aMizubuti, E.S.G.
245 1 _aCaracterização de isolados de Phytophthora infestans do Distrito Federal e de Goiás
650 _aTOMATE
650 _aBATATA
650 _aREQUEIMA
650 _aFUNGICIDA
650 _aVARIEDADE RESISTENTE
650 _aVARIAÇÃO GENÉTICA
650 _aDISTRITO FEDERAL
650 _aGOIÁS
773 0 _tFitopatologia Brasileira (Brazil)
_xISSN 0100-4158
_g(May-Jun 2006), v. 31(3) p. 270-276
_wBR0700030
909 _a202311
_bLúcia
_c55
_dLúcia Elande
942 _2AGRIS
_n0
_cANA
999 _c187446
_d187446